000 00931nam a22002057a 4500
003 OSt
005 20260213023029.0
008 260213b |||||||| |||| 00| 0 eng d
020 _a9780316117746
040 _aDWCL GS library
_cOC
082 _aC874h 2005
100 _aCowell, Cressida
245 _ahow to train your dragon book 5
_b: how to twist a dragon's tale
_cCressida Cowell
260 _aNew york
_bHachette Book Group
_cc2007
300 _a246
_billustrations
_c20cm
520 _aA severe heatwave caused by an active volcano on Lava-Lout Island forces Hiccup to stop a fiery disaster. Someone has stolen the Fire-Stone, causing Exterminator Dragons to hatch and threaten the tribes. Hiccup must recover the stone, battle dragons, and face his nemesis, Alvin the Treacherous.
546 _aEnglish
700 _aCressida Cowell
942 _2ddc
_cFIC.
_hFic. C874h 2005
_n0
999 _c8391
_d8391